00442nam a22001457a 450000500170000000800410001702000150005804100120007308200120008510000120009724500750010926000560018430000310024065000250027120241002064235.0241002b |||||||| |||| 00| 0 eng d a0409006068 aEnglish a348 SOU lEnglish aThe South African Encyclopaedia of Forms and Precedents /cC Weinberg  aDurban: bButterworth Publishers (Pty) Ltd, c1988  bviii, 475 pages; c26 cm.  aLegal practice bLaw